| 000 | 00474nam a2200181 4500 | ||
|---|---|---|---|
| 003 | SEACOMMC | ||
| 005 | 20260414120009.0 | ||
| 008 | 250408b |||||||| |||| 00| 0 eng d | ||
| 020 |
_a978-00-706-4813-5 _cRs.225.00 |
||
| 040 | _aSEACOMMC | ||
| 082 |
_a333.42 _bJ 83 |
||
| 100 | _aJoseph, Benny | ||
| 245 | 1 |
_aEnvironmental Studies _c Benny Joseph |
|
| 250 | _a2nd ed. | ||
| 260 |
_aNew Delhi _bTata McGraw Hill _cc2009 |
||
| 650 | _a Environmental Science | ||
| 942 | _cBOOK | ||
| 999 |
_c1184 _d1184 |
||